Informe del estado del medio ambiente (Registro nro. 18203)

Detalles MARC
000 -CABECERA
Campo de control 01035nam a22002417a 4500
005 - FECHA Y HORA DE LA ULTIMA TRANSACCION
Campo de control 20160307090513.0
008 - ELEMENTOS DE LONGITUD FIJA—INFORMACION GENERAL
Campo de control 160307b2011 cl abdogr|||| 00| 0 spa d
020 ## - ISBN
ISBN 9789567204410
040 ## - FUENTE DE CATALOGACIÓN
Agencia catalogadora original CO-BoIAVH
Agencia transcriptora CO-BoIAVH
041 0# - IDIOMA
Código de idioma para texto/pista de sonido o título separado Español
044 ## - PAÍS DE PUBLICACIÓN
País de publicación Colombia
082 04 - NUMERO DE CLASIFICACION DECIMAL DEWEY
Número de clasificación 333.707
Número del ítem C53i
110 1# - ASIENTO PRINCIPAL--NOMBRE CORPORATIVO
Nombre corporativo o de jurisdicción como elemento de entrada Chile
Unidad subordinad Ministerio del Medio Ambiente
9 (RLIN) 63694
245 10 - MENCION DE TITULO
Título Informe del estado del medio ambiente
Parte restante del título resumen ejecutivo 2011
260 ## - PUBLICACION, DISTRIBUCION, ETC. (PIE DE IMPRENTA)
Lugar de publicación, distribución, etc. Santiago (Chile) :
Nombre del editor, distribuidor, etc. Chile, Ministerio del Medio Ambiente,
Fecha de publicación, distribución, etc. 2012.
300 ## - DESCRIPCION FISICA
Extensión 44 páginas :
Otros detalles físicos ilustraciones a color, mapas, tablas, gráficas y fotografías a color ;
Dimensiones 27 x 20 centímetros
504 ## - NOTA DE BIBLIOGRAFIA, ETC.
Nota de bibliografía Incluye referencias bibliográficas: páginas 42-44.
650 #6 - ASIENTO SECUNDARIO DE MATERIA - TERMINO TEMATICO
Término temático o nombre geográfico como elemento de entrada Medio ambiente
Subdivisión de forma informes, reportes, etc.
Subdivisión geográfica Chile
9 (RLIN) 63695
650 #6 - ASIENTO SECUNDARIO DE MATERIA - TERMINO TEMATICO
Término temático o nombre geográfico como elemento de entrada Recursos naturales
Subdivisión de forma informes, reportes, etc.
Subdivisión geográfica Chile
9 (RLIN) 63696
650 #4 - ASIENTO SECUNDARIO DE MATERIA - TERMINO TEMATICO
Término temático o nombre geográfico como elemento de entrada Estado del medio ambiente
Subdivisión de forma informes, reportes, etc.
Subdivisión geográfica Chile
9 (RLIN) 63697
650 #4 - ASIENTO SECUNDARIO DE MATERIA - TERMINO TEMATICO
Término temático o nombre geográfico como elemento de entrada Estado de los recursos naturales
Subdivisión de forma informes, reportes, etc.
Subdivisión geográfica Chile
9 (RLIN) 63698
942 ## - ELEMENTOS ADICIONALES (KOHA)
Sistema de clasificación Dewey Decimal Classification
Tipo de ítem Libro
Existencias
Withdrawn status Lost status Sistema de Clasificación Damaged status No para préstamo Colección Inventariado Ubicación Permanente Ubicación actual Fecha de adquisición Fuente de Valor Valor Total Checkouts Número topográfico Inventario / Código de Barras Date last seen Ejemplar Price effective from Forma de adquisición Tipo de material
    Dewey Decimal Classification     General Inventariado 2017 Bogotá Bogotá 07/03/2016 Instituto 39000.00   LB-333.707 C53i 039864 07/03/2016 Ej. 1 07/03/2016   Libro